000 00936nam a2200313 a 4500
001 ASIN1584870265
005 20170105102934.0
008 150707s2000 xxu eng d
020 _a1584870265 (loose leaf)
020 _a9781584870265 (loose leaf)
040 _a0
050 0 4 _aUA23
082 0 4 _a355.033073
_bSCA 2000
100 1 _aScales, Robert H.
245 1 0 _aFuture warfare :
_banthology /
_cRobert H Scales.
250 _aRevised.
260 _a[S.l.] :
_bU.S. Army War College,
_c2000.
300 _a301 p. ;
_c27 cm.
650 0 _aArmed Forces--Forecasting
650 0 _aArmed Forces--Operational readiness
650 0 _aManeuver warfare
650 0 _aMilitary planning
650 0 _aMilitary policy
650 0 _aStrategy
650 0 _aTwenty-first century
650 0 _aUnited States
856 4 0 _3Amazon.com
_uhttp://www.amazon.com/exec/obidos/ASIN/1584870265/chopaconline-20
942 _2ddc
_cBK
999 _c16166
_d16166